| 000 | 01251cam a22003374a 4500 | ||
|---|---|---|---|
| 999 |
_c5861 _d5861 |
||
| 001 | 14164524 | ||
| 003 | OSt | ||
| 005 | 20191105161250.0 | ||
| 008 | 051103s2006 enkab b 001 0 eng | ||
| 010 | _a 2005032079 | ||
| 020 | _a1844071871 (hbk.) | ||
| 020 | _a184407188X (pbk.) | ||
| 020 |
_a9781844071876 _c(hbk.) |
||
| 020 |
_a9781844071883 _c(pbk.) |
||
| 035 | _a(OCoLC)ocm62282019 | ||
| 040 |
_aDLC _cDLC _dBWKUK _dBAKER _dOCLCQ _dDLC |
||
| 042 | _apcc | ||
| 050 | 0 | 0 |
_aHC79.E5 _bP4435 2006 |
| 082 | 0 | 0 |
_a331.11 _222 _bPER 2006 |
| 100 |
_aedited by McGregor, Duncan F. M.; Simon, David; Thompson, Donald A. _913023 |
||
| 245 | 0 | 4 |
_aThe Peri-urban Interface: _bapproaches to sustainable natural and human resource use |
| 260 |
_aLondon ; _bEarthscan, _c2006. |
||
| 300 |
_axxiii, 336 p. : _bill., maps ; _c25 cm. |
||
| 504 | _aIncludes bibliographical references and index. | ||
| 650 | 0 |
_aSustainable development. _91103 |
|
| 650 | 0 |
_aHuman resource _912203 |
|
| 856 | 4 | 1 |
_3Table of contents only _uhttp://www.loc.gov/catdir/toc/fy0612/2005032079.html |
| 906 |
_a7 _bcbc _corignew _d1 _eecip _f20 _gy-gencatlg |
||
| 942 |
_2ddc _cO_SHELF |
||